000 00421nam a2200181Ia 4500
001 23885
005 20260414151007.0
008 260414t1958||||xx |||||||||||||| ||spa||
041 _aESP
082 _a720.7
_bZ74
100 _aZevi, Bruno,
_eAUT
245 0 _aArquitectura e historiografĂ­a
_b
260 _c1958
300 _a114 páginas :
_c24 cm
650 _aABD
654 _aCAU
942 _cLIB
_dJUS
_fJUS
_2ddc
_n
999 _c23885
_d23885